000 04979namaa22004211i 4500
003 OSt
005 20260429115558.0
008 250827s2025 ua a|||frm||| 000 0 eng d
040 _aEG-GICUC
_bara
_cEG-GICUC
_dEG-GICUC
_erda
041 0 _aara
_bara
_beng
049 _aإيداع
082 0 4 _a658.5
092 _a658.5
_221
097 _aدكتوراه‎
099 _aCai01.18.06.Ph.D.2025.عب.أ
100 0 _a،عبدالرحمن أحمد عارف الغامدي
_eإعداد.
245 1 0 _aأثر تكامل سلاسل الإمداد على أداء المنشآت الصناعية :
_bدراسة تطبيقية على منطقة الخمرة اللوجستية بالمملكة العربية السعودية /
_cإعداد عبدالرحمن أحمد عارف الغامدي؛ إشراف أ.د على وجدى محمد، د. هيثم على خليل.
246 1 5 _aThe impact of supply chain integration on the performance of industrial establishments :
_bAn applied study on the al-khamra logistics zone in the kingdom of saudi arabia /
264 0 _c2025.
300 _a73 ورقة :
_bإيضاحيات ؛
_c30 سم. +
_eCD.
336 _atext
_2rda content
337 _aUnmediated
_2rdamedia
338 _avolume
_2rdacarrier
502 _aأطروحة (دكتوراه)-جامعة القاهرة، 2025.
504 _aببليوجرافيا: صفحات 65-67.
520 _aهدفت هذه الدراسة إلى تحليل أثر تكامل سلاسل الإمداد ( الداخلى ، الخارجى ، الأستراتيجى ) على الداء التشغيلى للمنشأت الصناعية فى منطقة الخمرة بالمملكة العربية السعودية ، وتكمن أهمية الدراسة في سد فجوة بحثية حول تطبيق تكامل سلاسل فى القطاع الصناعي السعودى ، خاصة فى ظل ندرة الدراسات التى تربط بين التكامل الأستراتيجى والأداء التشغيلى وتتكون مجتمع الدراسة من جميع المدراء في الإدارات العليا الذين يشكلون الفريق الذي يتعامل مع سلاسل الإمداد في المنشآت الصناعية السعودية، ومن أجل تحقيق هدف الدراسة قام الباحث إعتمدت الدراسة على المنهج الوصفي التحليلي حيث تم جمع البيانات عبر إستبانة إليكترونية (نمازج جوجل ) من عينة عشوائية طبقية قوامها (195)، إذ تم توزيعها على عموم الموظفين والمسئولين عن سلاسل الإمداد فى المنشاءى الصناعية بالخمرة.
520 _aThis study aimed to analyze the impact of supply chain integration (internal, external, and strategic) on the operational performance of industrial facilities in the Al-Khumrah region of the Kingdom of Saudi Arabia. The importance of the study lies in bridging a research gap regarding the application of supply chain integration in the Saudi industrial sector, particularly in light of the scarcity of studies linking strategic integration to operational performance. The study population consists of all managers in senior management who comprise the team that handles supply chains in Saudi industrial facilities. To achieve the study's objective, the researcher relied on the descriptive analytical approach, where data was collected via an electronic questionnaire (Google Forms) from a stratified random sample of (195). The questionnaire was distributed to all employees and those responsible for supply chains in industrial facilities in Al-Khumrah. The results revealed a statistically significant relationship between the independent variable, supply chain integration, and enterprise performance at a 95% confidence level. The correlation value reached 0.655, a strong positive correlation. The results also revealed a statistically significant effect between internal integration and enterprise performance, indicating that the relationship between supply chain integration and enterprise performance is close and interconnected.
530 _aصدر أيضًا كقرص مدمج.
546 _aالنص بالعربية والملخص باللغة الإنجليزية والعربية.
650 7 _aإدارة الانتاج
_2qrmak
653 0 _aسلاسل الإمداد
_aالتكامل الداخلي
_aالتكامل الاستراتيجي
700 0 _aعلي وجدى محمد
_eمشرف أطروحة.
700 0 _aهيثم خليل
_eمشرف أطروحة.
900 _b03-05-2025
_cعلي وجدى محمد
_cهيثم خليل
_Uجامعة القاهرة
_Fكلية الدراسات العليا للبحوث الإحصائية
_Dقسم إدارة سلسلة الإمداد وإدارة العمليات
905 _aSara
942 _2ddc
_cTH
_e21
_n0
999 _c179804